| 000 | 01074nam a22003377a 4500 | ||
|---|---|---|---|
| 001 | 0051488 | ||
| 003 | KOHA_MİRAKIL | ||
| 005 | 20260207003808.0 | ||
| 007 | ta | ||
| 008 | 150629b2007 tu |||gr||||#||||1|tur | | ||
| 020 | _a9789944771986 | ||
| 040 |
_aTR-BiSEU _btur _cTR-BiSEU _erda |
||
| 041 | 0 | _atur | |
| 044 | _ctu | ||
| 050 |
_aPL249 _b.B65 2007 |
||
| 100 | 1 | _aBolay, Süleyman Hayri. | |
| 245 | 1 |
_aFerid Kam / _cSüleyman Hayri Bolay ; Süleyman Hayri Bolay. |
|
| 250 | _aGözdene Geçirilmiş 2. Baskı | ||
| 264 | 1 |
_aAnkara : _bNobel _c2007 |
|
| 300 | _a170 sayfa; 25 cm. | ||
| 336 |
_ametin _btxt _2rdacontent |
||
| 337 |
_aaracısız _bn _2rdamedia |
||
| 338 |
_acilt _bnc _2rdacarrier |
||
| 490 | 1 |
_aNobel Yayın No ; _v1182. |
|
| 490 | 1 |
_aFikri ve Kültürel Eserleri ; _v7. |
|
| 650 | 0 |
_aTürk edebiyatı--20. yüzyıl --Şiir--Biyografi _995820 |
|
| 650 | 0 |
_aTurkish literature--20. century-poetry --biography. _995821 |
|
| 830 | 1 |
_aNobel Yayın No ; _v1182. _91595 |
|
| 830 | 1 |
_aFikri ve Kültürel Eserleri ; _v7. _995822 |
|
| 942 |
_2lcc _cBK |
||
| 999 |
_c51311 _d51311 |
||